02470agaaa2200313 45000010005000000030009000050050017000140070009000310080040000400400023000800410013001031000044001161300042001602400049002022450228002512460042004792500022005212600140005433000034006835080190007175110081009075200896009885380016018845460013019006500057019137000056019707000058020267000072020845934IT-RoPAU20220918181255.0d cvaizq50131s9999||||xx ||| | || ||und|| aIT-RoPAUcIT-RoPAU aITALIANO aBunuel LuisgCodice regista SPICS: 8694 aFASCINO DISCRETO DELLA BORGHESIA (IL) aCHARME DISCRET DE LA BOURGEOISIE (LE)gT1225 aFASCINO DISCRETO DELLA BORGHESIA (IL)cProdotto da: Silberman Serge -- Sceneggiatura: Bunuel Luis Carriere Jean-Claude -- Diretto da: Bunuel LuispFASCINO DISCRETO DELLA BORGHESIA (IL) (Rif. Codice opera principale : H5934) aCHARME DISCRET DE LA BOURGEOISIE (LE) aEdizione Standard aPARIS - ROMA (ITA - FRA - SPA)bGREENWICH FILM - DEAN FILM / Distribuzione: L'ESPRESSOg"1972 (1° ed.: 2005 ; Ed. Lingua Orig.: 1972)" aDVDbsonoro, col.c104 minuti a"Fotografia: Richard Edmond; Montaggio: Plemiannikov Helene; Sceneggiatura: Bunuel Luis Carriere Jean-Claude; Scenografia: Guffroy Pierre; Soggetto: Bunuel Luis -- Carriere Jean-Claude" a"Rey Fernando; Frankeur Paul; Seyring Delphine; Ogier Belle; Vukotic Milena" a"OGNI VOLTA CHE I SIGNORI THEVENOT ED I SIGNORI SENECHAL TENTANO DI PRANZARE INSIEME DOPO AVER CONCLUSO UN PROFICUO AFFARE CON L'AMBASCIATORE DI UNO STATO DELL'AMERICA DEL SUD, VENGONO INTERROTTI DA AVVENIMENTI IMPREVISTI ED INUSUALI. UNA TRAMA PRETESTO CHE CONSENTE A BUNUEL DI COMPILARE UNA SERIE DI SEQUENZE SURREALI IN CUI IL GRANDE REGISTA INSCENA LE MISERIE E LE MESCHINITA' DELLA CLASSE BORGHESE E DELLE AUTORITA' CHE LA CIRCONDANO E LA PROTEGGONO: POLIZIA, ESERCITO, BUROCRAZIA. BUNUEL FUSTIGA IL MAL COSTUME DELLA BORGHESIA, CLASSE SOCIALE PARASSITARIA LE CUI PICCINERIE LA RENDONO AL TEMPO STESSO PADRONA DEI DESTINI ALTRUI, CON UNA GIRANDOLA DI EVENTI ESILARANTI ED AL TEMPO STESSO IMPROBABILI, ATTINGENDO AMPIAMENTE ALLE PROPRIE ORIGINI SURREALISTE. PREMIO OSCAR QUALE MIGLIOR FILM STRANIERO NEL 1972. CONTENUTI EXTRA: TRAILER ORIGINALE; FILMOGRAFIE E BIOGRAFIE; POSTER GALLERY." aPAL, STEREO aITALIANO aCOMMEDIAeDVD-FILM [DVD]xCodice MATERIA SPICS: 9947 aBunuel Luis e(regista)gCodice regista SPICS: 8694 aBunuel Luis e(soggetto)gCodice Soggetto SPICS: 8694 aCarriere Jean-Claude e(soggetto)gCodice Soggetto 2° SPICS: 17912